Ricostruisci la Carriera del Calciatore - Yūto Nagatomo - Statistics

Statistiche generali
  • Questo quiz è stato fatto 6 volte
  • Il punteggio medio è 5 su 6
Statistiche sulle risposte
Hint Risposta % Corretto
2010-2011 Cesena
100%
2007-2010 FC Tokyo
100%
2011-2018 Inter
100%
2021- FC Tokyo
75%
2020-2021 Olympique Marsiglia
75%
2018-2020 Galatasaray
50%
Nessun quiz corrispondente trovato
Distribuzione punteggi
Percentuale di utenti per punteggio
Percentile per numero di risposta
I tuoi punteggi nel tempo
Non hai fatto questo quiz